E11(徳島道・高松道・松山道)のIC - Statistics

General Stats
  • This quiz has been taken 94 times
    75 since last reset
  • The average score is 26 of 42
Answer Stats
Answers % Correct
JCT 鳴門
91%
IC 鳴門
91%
JCT 鳴門
91%
JCT 徳島
88%
JCT 坂出
88%
JCT 坂出
88%
IC 坂出
88%
JCT 川之江
86%
JCT 川之江
86%
IC 高松西
84%
IC 松山
81%
IC 高松中央
79%
IC 新居浜
74%
IC 高松東
72%
IC 善通寺
72%
SA 豊浜
72%
SA 津田の松原
67%
PA/SIC 府中湖
67%
IC いよ西条
60%
SA 石鎚山
60%
IC 引田
58%
JCT/IC いよ小松
58%
SIC 東温
58%
PA 鳴門西
56%
IC 板野
56%
IC 志度
56%
PA 高瀬
53%
PA 桜三里
53%
IC 高松檀紙
51%
IC 大野原
49%
IC 三島川之江
47%
IC 川内
47%
PA/SIC 松茂
44%
IC 土居
44%
IC さぬき豊中
42%
IC 津田東
40%
IC さぬき三木
40%
IC 三豊鳥坂
40%
IC 津田寒川
37%
IC 白鳥大内
35%
PA 上分
33%
PA 入野
33%
No matching quizzes found
Score Distribution
Percent of People with Each Score
Percentile by Number Answered
Your Score History
You have not taken this quiz since the last reset